ARRUPE JESUIT UNIVERSITY

CORONAVIRUS -STOP THE SPREAD - CLEAN,DISINFECT,COVER

The Velikovsky affair; (Record no. 122813)

MARC details
000 -LEADER
fixed length control field 01065cam a22002771 4500
001 - CONTROL NUMBER
control field 1224334
003 - CONTROL NUMBER IDENTIFIER
control field ARRUPE
005 - DATE AND TIME OF LATEST TRANSACTION
control field 20150529110751.0
008 - FIXED-LENGTH DATA ELEMENTS--GENERAL INFORMATION
fixed length control field 850515s1966 nyu b 000 0 eng
010 ## - LIBRARY OF CONGRESS CONTROL NUMBER
LC control number 65015374
040 ## - CATALOGING SOURCE
Original cataloging agency DLC/ICU
Transcribing agency ICU
Modifying agency DLC
050 00 - LIBRARY OF CONGRESS CALL NUMBER
Classification number QB602.9
Item number D43 1967
082 00 - DEWEY DECIMAL CLASSIFICATION NUMBER
Classification number 520.1
300 ## - PHYSICAL DESCRIPTION
Dimensions 22 cm.
100 1# - MAIN ENTRY--PERSONAL NAME
Personal name De Grazia, Alfred (ed.)
Relator term ed.
9 (RLIN) 17715
245 14 - TITLE STATEMENT
Title The Velikovsky affair;
Remainder of title the warfare of science and scientism.
Statement of responsibility, etc / edited by Alfred de Grazia, Ralph E. Juergens and Livio Stecchini
260 ## - PUBLICATION, DISTRIBUTION, ETC. (IMPRINT)
Place of publication, distribution, etc New Hyde Park, N.Y.,
Name of publisher, distributor, etc University Books
Date of publication, distribution, etc [1966]
300 ## - PHYSICAL DESCRIPTION
Extent 260 p.
500 ## - GENERAL NOTE
General note Consists of papers published in the September, 1963, issue of the American behavioral scientist, together with new material.
504 ## - BIBLIOGRAPHY, ETC. NOTE
Bibliography, etc Includes bibliographies.
600 10 - SUBJECT ADDED ENTRY--PERSONAL NAME
Personal name Velikovsky, Immanuel,
Dates associated with a name 1895-1979.
Title of a work Worlds in collision.
9 (RLIN) 17716
650 ## - SUBJECT ADDED ENTRY--TOPICAL TERM
Topical term or geographic name as entry element Scientism
9 (RLIN) 17942
700 ## - ADDED ENTRY--PERSONAL NAME
Personal name Juergens, Ralph E
Relator term ed.
9 (RLIN) 17940
700 ## - ADDED ENTRY--PERSONAL NAME
Personal name Stecchini, Livio C
Relator term ed.
9 (RLIN) 17941
906 ## - LOCAL DATA ELEMENT F, LDF (RLIN)
a 7
b cbc
c orignew
d u
e ocip
f 19
g y-gencatlg
942 ## - ADDED ENTRY ELEMENTS (KOHA)
Source of classification or shelving scheme Library of Congress Classification
Koha item type Monograph ( Printed materials)
Holdings
Withdrawn status Lost status Source of classification or shelving scheme Damaged status Not for loan Collection code Home library Current library Shelving location Date acquired Total Checkouts Full call number Barcode Date last seen Price effective from Koha item type
    Library of Congress Classification     Main Collection ARRUPE LIBRARY ARRUPE LIBRARY Main Collection 06/05/2015   QB602.9D43 1967 46500002360 02/07/2019 06/05/2015 Monograph ( Printed materials)

 

Arrupe Library. PO Box MP320 Mt Pleasant, Harare, Zimbabwe
263 242 745411|librarian@aju.ac.zw